Miasta przy Drodze Krajowej nr 3 - Statystyki

Ogólne statystyki
  • Ten quiz został rozwiązany 50 razy
  • Średni wynik to 14 z 19
Statystyki odpowiedzi
Ludność Miasto % Poprawnych
400 990 Szczecin
95%
123 609 Gorzów Wielkopolski
93%
141 280 Zielona Góra
93%
99 350 Legnica
90%
79 061 Jelenia Góra
88%
72 300 Lubin
79%
22 486 Polkowice
79%
22 890 Jawor
76%
40 864 Świnoujście
76%
38 566 Nowa Sól
69%
21 685 Świebodzin
67%
4 990 Bolków
64%
22 553 Goleniów
62%
16 750 Sulechów
60%
6 557 Szklarska Poręba
60%
17 839 Międzyrzecz
55%
4 859 Wolin
52%
6 156 Piechowice
48%
9 593 Skwierzyna
45%
Nie znaleziono quizów pasujących do podanych kryteriów
Rozkład punktacji
Procent ludzi z każdym wynikiem
Percentyl według liczby udzielonych odpowiedzi
Twoja historia wyników
Nie rozwiązałeś tego quizu